Čo by mal zamestnávateľ zabezpečiť pre svojich zamestnancov

Benefity z pohľadu legislatívy. Peňažné benefity. Nepeňažné benefity. Ilustračné príklady.

Na minha lista:
Detalhes bibliográficos
Autor principal: Gejdošová, Slavomíra
Formato: Capítulo de Livro
Idioma:eslovaco
Assuntos:
Tags: Adicionar Tag
Sem tags, seja o primeiro a adicionar uma tag!

MARC

LEADER 00000naa a2200000 4500
001 0248975
005 20181119110044.5
041 0 |a slo 
044 |a SK 
245 1 0 |a Čo by mal zamestnávateľ zabezpečiť pre svojich zamestnancov  |c Slavomíra Gejdošová 
520 |a Benefity z pohľadu legislatívy. Peňažné benefity. Nepeňažné benefity. Ilustračné príklady. 
610 2 0 |a benefity 
610 2 0 |a zákonník práce 
610 2 0 |a zamestnávatelia 
610 2 0 |a zamestnanci 
610 2 0 |a legislatíva 
610 2 0 |a politika sociálna podniková 
100 1 |a Gejdošová, Slavomíra